000 00479nam a22001697a 4500
005 20251108170940.0
008 250721s9999 xx 000 0 ara d
082 1 4 _a641.1/غذا
245 1 0 _aالغذاء الصحيح عافية و جمال /
264 1 _aبيروت :
_bالشركة الشرقية للمطبوعات،
300 _a96ص
490 0 _aسلسلة أسرتي
650 1 7 _aالطعام
650 1 7 _aالتغذية
942 _2ddc
_cBK
999 _c52810
_d52810